Technologija termičeskoj obrabotki stali /

Salvato in:
Dettagli Bibliografici
Altri autori: Levin, B.J (Traduttore)
Natura: Libro
Lingua:russo
Pubblicazione: Moskva : Metallurgija, 1981
Soggetti:
Tags: Aggiungi Tag
Nessun Tag, puoi essere il primo ad aggiungerne!!

MARC

LEADER 00000nam a22000003a 4500
001 stu43168
005 20150617225717.1
008 940721s1981----xxr-----------------rus-d
040 |a STU  |b slo 
041 0 |a rus 
044 |a xxr 
080 |a 621.9.04  |7 stu_us_auth*stu2881 
100 1 |a Levin, B.J  |4 trl 
245 1 |a Technologija termičeskoj obrabotki stali /  |c Z nem. B.J. Levin 
260 |a Moskva :  |b Metallurgija,  |c 1981 
300 |a 606 s 
650 7 |a obrábanie tepelné  |2 stusub 
996 |b 284M062464  |c M*6806-2  |l MMKN  |s A  |a 24  |w stu43168_0001